000 00253nam a2200109Ia 4500
008 190216s9999||||xx |||||||||||||| ||und||
100 _aKapoor N D
245 0 _aElements Of Company Law
260 _bSulthan Chand&Sons
650 _aCommerce
942 _cBK
999 _c4178
_d4178